| 000 | 01072cam a2200289 a 4500 | ||
|---|---|---|---|
| 003 | EG-GiCUC | ||
| 005 | 20250223030349.0 | ||
| 008 | 110227s1996 ua d f m 000 0 eng d | ||
| 040 |
_aEG-GiCUC _beng _cEG-GiCUC |
||
| 041 | 0 | _aeng | |
| 049 | _aDeposite | ||
| 097 | _aM.Sc | ||
| 099 | _aCai01.07.01.M.Sc.1996.Mo.S | ||
| 100 | 0 | _aMoustafa Elsayed Elsayed Abdelsalam | |
| 245 | 1 | 0 |
_aStudies on forage mixtures / _cMoustafa Elsayed Elsayed Abdelsalam ; Supervised H. E. Elhattab , K. I. Abdelgawad , A. A. Farrag |
| 246 | 1 | 5 | _aدراسات على مخاليط بعض محاصيل العلف |
| 260 |
_aCairo : _bMoustafa Elsayed Elsayed Abdelsalam , _c1996 |
||
| 300 |
_a63Leaves : _bcharts ; _c30cm |
||
| 502 | _aThesis (M.Sc.) - Cairo University - Faculty of Agriculture - Department of Agronomy | ||
| 700 | 0 |
_aA. A. Farrag , _eSupervisor |
|
| 700 | 0 |
_aH. E. Elhattab , _eSupervisor |
|
| 700 | 0 |
_aK. I. Abdelgawad , _eSupervisor |
|
| 856 | _uhttp://172.23.153.220/th.pdf | ||
| 905 |
_aFatma _eCataloger |
||
| 905 |
_aNazla _eRevisor |
||
| 942 |
_2ddc _cTH |
||
| 999 |
_c33147 _d33147 |
||